Normal view
MARC view
Entry Personal Name
001 - CONTROL NUMBER
- control field: 12684
003 - CONTROL NUMBER IDENTIFIER
- control field: BD-RjUL
005 - DATE AND TIME OF LATEST TRANSACTION
- control field: 20240423152001.0
008 - FIXED-LENGTH DATA ELEMENTS
- fixed length control field: 240423|| aca||aabn | a|a d
040 ## - CATALOGING SOURCE
- Original cataloging agency: BD-RjUL
- Transcribing agency: BD-RjUL
100 ## - HEADING--PERSONAL NAME
- Personal name: Ali, Mr. Muhammad, Research Assistant
670 ## - SOURCE DATA FOUND
- Source citation: Work cat.: (BD-RjUL)83569: ALI, A. K. M. YAQUB 1167, ORIENTAL AND WESTERN EDUCATION IN BOGRA DISTRICT :, 1986